| 000 | 00496nam a2200181Ia 4500 | ||
|---|---|---|---|
| 003 | GCL | ||
| 008 | 140319s9999 xx 000 0 ara d | ||
| 040 |
_aGCL / _cGCL |
||
| 082 | 0 | 4 |
_a813.009 _bر ف |
| 100 | 1 | _aرشاد رشدى | |
| 245 | 1 | 0 |
_aفن القصة القصيرة / _cرشاد رشدى |
| 300 | _a195 ص | ||
| 490 | _a | ||
| 650 | 0 | 4 | _aالادب العربى |
| 650 | 0 | 4 | _aالقصص القصيرة |
| 650 | 0 | 4 | _aالقصص القصيرة - تاريخ ونقد |
| 942 |
_2ddc _cBK |
||
| 999 |
_c40907 _d40907 |
||